Stupid Quiz #2 - Statistics

General Stats
  • This quiz has been taken 21 times
  • The average score is 4 of 9
Answer Stats
Hint Answer % Correct
Quiz by Stopitpizza
83%
Mmjmj Mmjmj
72%
Reeed Reeed
67%
Yuyuyuyuyu Yuyuyuyuyu
67%
Capital of East Timor Dili
50%
Jetpunk is Jetpunk is
28%
Now Quiz is done Correct
11%
Quiz is done No it’s not
6%
Bytetu Byytetu
0%
No matching quizzes found
Score Distribution
Percent of People with Each Score
Percentile by Number Answered
Your Score History
You have not taken this quiz